000 00720nam a2200289Ia 4500
005 20260324142522.0
008 008 260324s9999 xx 000 0 eng d
020 _a9780203977187
037 _aEBOOK
040 _aCRL
040 _beng
040 _cCRL
041 _2eng
041 _aeng
084 _qCRL
100 _aDr Paul Holmes; Marcia Karp; Michael Watson; Paul Holmes
_91212236
245 0 _aPsychodrama Since Moreno
245 0 _bInnovations in Theory and Practice
260 _bTaylor and Francis
260 _c1994
365 _a
365 _b185
856 _uhttp://www.taylorfrancis.com/books/9780203977187
942 _cEBOOK
999 _c1816534
_d1816534